[Event "Terme Krka OPEN 2018"]
[Site "Otočec, Slovenia"]
[Date "2018.12.26"]
[Round "4.10"]
[White "Hocevar, Tim"]
[Black "Jaksa, Cvetko"]
[Result "1/2-1/2"]
[WhiteElo "1207"]
[BlackElo "1897"]

1. d4 {[%clk 01:30:20]} {[%emt 00:00:41]} e6 {[%clk 01:30:47]} {[%emt
00:00:26]} 2. e4 {[%clk 01:30:32]} {[%emt 00:00:10]} d5 {[%clk 01:30:02]}
{[%emt 00:01:10]} 3. exd5 {[%clk 01:29:02]} {[%emt 00:02:26]} exd5 {[%clk
01:30:01]} {[%emt 00:00:09]} 4. Be3 {[%clk 01:28:52]} {[%emt 00:00:40]} Nf6
{[%clk 01:30:06]} {[%emt 00:00:23]} 5. Nd2 {[%clk 01:28:44]} {[%emt 00:00:43]}
Be7 {[%clk 01:27:10]} {[%emt 00:03:17]} 6. Bd3 {[%clk 01:26:32]} {[%emt
00:02:46]} b6 {[%clk 01:27:03]} {[%emt 00:00:36]} 7. Ngf3 {[%clk 01:26:05]}
{[%emt 00:00:55]} O-O {[%clk 01:24:08]} {[%emt 00:03:26]} 8. Ne5 {[%clk
01:25:23]} {[%emt 00:01:14]} Ba6 {[%clk 01:19:19]} {[%emt 00:05:18]} 9. Nc6
{[%clk 01:21:53]} {[%emt 00:03:58]} Qe8 {[%emt 00:02:35]} 10. Nxe7+ {[%clk
01:20:46]} Qxe7 {[%clk 01:19:09]} {[%emt 00:00:31]} 11. Qe2 {[%clk 01:20:10]}
{[%emt 00:00:49]} Bxd3 {[%clk 01:15:35]} {[%emt 00:04:00]} 12. Qxd3 {[%clk
01:20:18]} {[%emt 00:00:44]} Nbd7 {[%clk 01:10:01]} {[%emt 00:06:09]} 13. O-O
{[%clk 01:19:27]} {[%emt 00:01:23]} Rfe8 {[%clk 01:06:55]} {[%emt 00:03:08]} 14.
c4 {[%clk 01:17:46]} {[%emt 00:02:12]} Rad8 {[%clk 00:57:06]} {[%emt 00:10:18]}
15. Qb3 {[%clk 01:15:03]} {[%emt 00:03:10]} c6 {[%clk 00:52:12]} {[%emt
00:05:35]} 16. Qa4 {[%clk 01:10:51]} {[%emt 00:04:33]} Nb8 {[%clk 00:51:21]}
{[%emt 00:01:24]} 17. Bg5 {[%clk 01:01:30]} {[%emt 00:09:50]} dxc4 {[%clk
00:51:29]} {[%emt 00:00:22]} 18. Qxc4 {[%clk 01:01:01]} {[%emt 00:00:56]} Qd6
{[%clk 00:50:34]} {[%emt 00:01:27]} 19. Nf3 {[%clk 00:59:26]} {[%emt 00:02:03]}
Re4 {[%clk 00:48:30]} {[%emt 00:02:40]} 20. Rfe1 {[%clk 00:55:08]} {[%emt
00:04:42]} Rde8 {[%clk 00:48:34]} {[%emt 00:00:25]} 21. Bxf6 {[%clk 00:54:52]}
{[%emt 00:00:47]} Qxf6 {[%clk 00:46:49]} {[%emt 00:02:44]} 22. Rxe4 {[%clk
00:53:56]} {[%emt 00:01:06]} Rxe4 {[%clk 00:47:08]} {[%emt 00:00:12]} 23. Re1
{[%clk 00:54:02]} {[%emt 00:00:19]} Qe7 {[%clk 00:47:07]} {[%emt 00:00:25]} 24.
Qc1 {[%clk 00:52:19]} {[%emt 00:02:21]} h6 {[%clk 00:43:59]} {[%emt 00:03:32]}
25. Ne5 {[%clk 00:51:14]} {[%emt 00:01:33]} Rxe1+ {[%clk 00:43:41]} {[%emt
00:00:51]} 26. Qxe1 {[%clk 00:51:29]} {[%emt 00:00:19]} f6 {[%clk 00:43:03]}
{[%emt 00:01:07]} 27. Nd3 {[%clk 00:51:09]} {[%emt 00:00:42]} Qxe1+ {[%clk
00:43:16]} {[%emt 00:00:46]} 28. Nxe1 {[%clk 00:51:32]} Kf7 {[%clk 00:43:33]}
29. Kf1 {[%clk 00:51:29]} {[%emt 00:00:28]} Ke6 {[%clk 00:43:50]} {[%emt
00:00:31]} 30. Ke2 {[%clk 00:51:47]} Kd5 {[%clk 00:44:11]} {[%emt 00:00:10]} 31.
Kd3 {[%clk 00:52:01]} {[%emt 00:00:07]} 1/2-1/2

[Event "Terme Krka OPEN 2018"]
[Site "Otočec, Slovenia"]
[Date "2018.12.26"]
[Round "4.8"]
[White "Marinc, Primoz"]
[Black "Zupancic, Urban"]
[Result "0-1"]
[WhiteElo "1349"]
[BlackElo "1973"]

1. d4 {[%clk 01:30:56]} {[%emt 00:00:29]} Nf6 {[%clk 01:30:44]} 2. c4 {[%clk
01:30:58]} {[%emt 00:00:15]} g6 {[%clk 01:31:04]} {[%emt 00:00:37]} 3. Nc3
{[%clk 01:29:55]} {[%emt 00:01:08]} Bg7 {[%clk 01:31:21]} {[%emt 00:00:27]} 4.
e4 {[%clk 01:29:15]} {[%emt 00:00:55]} d6 {[%clk 01:31:38]} {[%emt 00:00:14]} 5.
Bd3 {[%clk 01:28:34]} {[%emt 00:01:10]} O-O {[%clk 01:31:26]} {[%emt 00:00:42]}
6. Nge2 {[%clk 01:27:48]} {[%emt 00:01:18]} e5 {[%clk 01:30:28]} {[%emt
00:01:50]} 7. d5 {[%clk 01:26:18]} {[%emt 00:01:36]} a5 {[%clk 01:29:33]}
{[%emt 00:01:26]} 8. Bg5 {[%clk 01:22:12]} {[%emt 00:04:37]} h6 {[%clk
01:29:15]} {[%emt 00:00:45]} 9. Bd2 {[%clk 01:21:41]} {[%emt 00:01:01]} Na6
{[%clk 01:28:51]} {[%emt 00:00:56]} 10. a3 {[%clk 01:21:01]} {[%emt 00:01:13]}
Bd7 {[%clk 01:22:19]} {[%emt 00:07:01]} 11. Rb1 {[%clk 01:18:30]} {[%emt
00:03:00]} Nc5 {[%clk 01:21:46]} {[%emt 00:01:04]} 12. Bc2 {[%clk 01:18:29]}
{[%emt 00:00:27]} a4 {[%clk 01:14:07]} {[%emt 00:08:14]} 13. O-O {[%clk
01:12:06]} {[%emt 00:07:00]} c6 {[%clk 01:01:01]} {[%emt 00:13:25]} 14. f3
{[%clk 00:59:06]} {[%emt 00:13:30]} cxd5 {[%clk 00:58:26]} {[%emt 00:03:04]} 15.
cxd5 {[%clk 00:57:11]} {[%emt 00:02:24]} b5 {[%clk 00:55:51]} {[%emt 00:03:04]}
16. Na2 {[%clk 00:55:26]} {[%emt 00:02:24]} Qb8 {[%clk 00:51:15]} {[%emt
00:05:01]} 17. Nb4 {[%clk 00:49:56]} {[%emt 00:05:56]} Rc8 {[%clk 00:50:53]}
{[%emt 00:00:55]} 18. Nc3 {[%clk 00:48:51]} {[%emt 00:01:31]} Ne8 {[%clk
00:49:26]} {[%emt 00:01:59]} 19. Rc1 {[%clk 00:47:50]} {[%emt 00:01:28]} Nc7
{[%clk 00:46:56]} {[%emt 00:03:04]} 20. Be3 {[%clk 00:46:28]} {[%emt 00:01:51]}
N7a6 {[%clk 00:44:24]} {[%emt 00:03:03]} 21. Nxa6 {[%clk 00:43:03]} {[%emt
00:04:29]} Nxa6 {[%clk 00:41:49]} {[%emt 00:02:29]} 22. Na2 {[%clk 00:41:14]}
{[%emt 00:02:19]} Nc5 {[%clk 00:28:12]} {[%emt 00:14:06]} 23. Nb4 {[%clk
00:39:25]} {[%emt 00:02:18]} Rc7 {[%clk 00:25:13]} {[%emt 00:03:31]} 24. Nd3
{[%clk 00:34:04]} {[%emt 00:05:47]} Qf8 {[%clk 00:20:29]} {[%emt 00:05:16]} 25.
Qd2 {[%clk 00:33:32]} {[%emt 00:01:02]} h5 {[%clk 00:16:15]} {[%emt 00:04:57]}
26. Qf2 {[%clk 00:33:26]} {[%emt 00:00:25]} Bh6 {[%clk 00:15:19]} {[%emt
00:01:29]} 27. Bb1 {[%clk 00:31:55]} {[%emt 00:01:55]} Rac8 {[%clk 00:13:03]}
{[%emt 00:02:49]} 28. Nxc5 {[%clk 00:30:26]} {[%emt 00:01:57]} Bxe3 {[%clk
00:09:20]} {[%emt 00:04:14]} 29. Qxe3 {[%clk 00:30:35]} {[%emt 00:00:22]} Rxc5
{[%clk 00:09:37]} {[%emt 00:00:11]} 30. Rxc5 {[%clk 00:30:11]} {[%emt
00:00:58]} dxc5 {[%clk 00:09:18]} {[%emt 00:00:45]} 31. Rc1 {[%clk 00:30:05]}
{[%emt 00:00:39]} Qd6 {[%clk 00:07:07]} {[%emt 00:02:37]} 32. Bd3 {[%clk
00:29:19]} {[%emt 00:01:14]} Rc7 {[%clk 00:06:00]} {[%emt 00:01:41]} 33. Be2
{[%clk 00:28:51]} {[%emt 00:00:57]} Kg7 {[%clk 00:04:09]} {[%emt 00:02:22]} 34.
Qc3 {[%clk 00:28:14]} {[%emt 00:01:05]} f6 {[%clk 00:03:17]} {[%emt 00:01:31]}
35. g3 {[%clk 00:28:21]} {[%emt 00:00:15]} Kf7 {[%clk 00:03:32]} {[%emt
00:00:24]} 36. Qe1 {[%clk 00:28:22]} {[%emt 00:00:41]} c4 {[%clk 00:03:26]}
{[%emt 00:00:16]} 37. Bf1 {[%clk 00:27:47]} {[%emt 00:01:06]} Qc5+ {[%clk
00:03:33]} {[%emt 00:00:21]} 38. Qf2 {[%clk 00:28:08]} {[%emt 00:00:13]} Qxf2+
{[%clk 00:02:46]} {[%emt 00:01:14]} 39. Kxf2 {[%clk 00:28:29]} {[%emt
00:00:12]} Ke7 {[%clk 00:03:11]} {[%emt 00:00:10]} 40. Ke3 {[%clk 00:27:51]}
{[%emt 00:00:59]} Kd6 {[%clk 00:03:26]} {[%emt 00:00:41]} 41. Kd2 {[%clk
00:26:50]} {[%emt 00:01:07]} Kc5 {[%clk 00:03:40]} {[%emt 00:00:41]} 42. Ke3
{[%clk 00:26:07]} {[%emt 00:00:47]} Rb7 {[%clk 00:03:07]} {[%emt 00:01:06]} 43.
Rc2 {[%clk 00:26:05]} {[%emt 00:00:27]} Rb6 {[%clk 00:03:06]} {[%emt 00:00:31]}
44. Rc1 {[%clk 00:25:52]} {[%emt 00:00:42]} Bc8 {[%clk 00:03:25]} {[%emt
00:00:27]} 45. Be2 {[%clk 00:25:13]} {[%emt 00:01:24]} Ba6 {[%clk 00:03:27]}
{[%emt 00:00:05]} 46. Bd1 {[%clk 00:24:55]} {[%emt 00:00:50]} Rd6 {[%clk
00:01:59]} {[%emt 00:02:05]} 47. Ra1 {[%clk 00:22:22]} {[%emt 00:02:56]} Bc8
{[%clk 00:01:51]} {[%emt 00:00:54]} 48. Rc1 {[%clk 00:21:52]} {[%emt 00:00:36]}
Bd7 {[%clk 00:01:35]} {[%emt 00:00:47]} 49. Be2 {[%clk 00:21:24]} {[%emt
00:00:56]} Bc8 {[%clk 00:01:16]} {[%emt 00:00:50]} 50. Bd1 {[%clk 00:21:02]}
{[%emt 00:00:51]} Ra6 {[%clk 00:01:23]} {[%emt 00:00:28]} 51. Be2 {[%clk
00:20:07]} {[%emt 00:01:23]} Ra7 {[%clk 00:01:41]} {[%emt 00:00:10]} 52. h4
{[%clk 00:18:45]} {[%emt 00:01:51]} Ba6 {[%clk 00:01:35]} {[%emt 00:00:40]} 53.
Bd1 {[%clk 00:18:24]} {[%emt 00:00:52]} Bc8 {[%clk 00:01:09]} {[%emt 00:00:59]}
54. Be2 {[%clk 00:18:09]} {[%emt 00:00:37]} Ra5 {[%clk 00:01:32]} {[%emt
00:00:11]} 55. Bf1 {[%clk 00:16:59]} {[%emt 00:01:38]} Ra8 {[%clk 00:00:44]}
{[%emt 00:01:17]} 56. Be2 {[%clk 00:17:02]} {[%emt 00:00:24]} Ra6 {[%clk
00:00:38]} {[%emt 00:00:41]} 57. Bf1 {[%clk 00:16:47]} {[%emt 00:00:43]} Rd6
{[%clk 00:00:38]} {[%emt 00:00:29]} 58. Be2 {[%clk 00:16:45]} {[%emt 00:00:32]}
Bd7 {[%clk 00:00:46]} {[%emt 00:00:23]} 59. Bf1 {[%clk 00:16:53]} {[%emt
00:00:22]} f5 {[%clk 00:00:35]} {[%emt 00:00:41]} 60. Be2 {[%clk 00:16:30]}
{[%emt 00:00:54]} fxe4 {[%clk 00:00:45]} {[%emt 00:00:18]} 61. fxe4 {[%clk
00:16:18]} {[%emt 00:00:42]} Rf6 {[%clk 00:01:05]} {[%emt 00:00:39]} 62. Bf3
{[%clk 00:15:37]} {[%emt 00:00:42]} b4 {[%clk 00:00:45]} {[%emt 00:00:51]} 63.
axb4+ {[%clk 00:14:56]} {[%emt 00:01:20]} Kxb4 {[%clk 00:01:10]} 64. Rc3 {[%clk
00:15:08]} {[%emt 00:00:12]} Bb5 {[%clk 00:00:46]} {[%emt 00:00:56]} 65. Ra3
{[%clk 00:15:14]} {[%emt 00:00:23]} Bd7 {[%clk 00:00:51]} {[%emt 00:00:46]} 66.
Rc3 {[%clk 00:15:33]} Rb6 {[%clk 00:00:53]} {[%emt 00:00:22]} 67. Kd2 {[%clk
00:15:20]} {[%emt 00:00:41]} Kc5 {[%clk 00:01:05]} {[%emt 00:00:22]} 68. Kc2
{[%clk 00:15:26]} {[%emt 00:00:22]} Rf6 {[%clk 00:00:48]} {[%emt 00:00:46]} 69.
Be2 {[%clk 00:15:07]} {[%emt 00:00:48]} Bb5 {[%clk 00:01:11]} {[%emt 00:00:39]}
70. Rf3 {[%clk 00:15:14]} {[%emt 00:00:04]} Rb6 {[%clk 00:00:47]} {[%emt
00:00:41]} 71. Rc3 {[%clk 00:15:19]} {[%emt 00:00:23]} Kd4 {[%clk 00:00:50]}
{[%emt 00:00:36]} 72. Bf3 {[%clk 00:15:12]} {[%emt 00:00:32]} Rf6 {[%clk
00:00:55]} {[%emt 00:00:22]} 73. Kd2 {[%clk 00:15:00]} {[%emt 00:00:50]} Ba6
{[%clk 00:00:48]} {[%emt 00:00:29]} 74. Kc2 {[%clk 00:14:44]} {[%emt 00:00:41]}
Rf7 {[%clk 00:00:49]} {[%emt 00:00:38]} 75. Ra3 {[%clk 00:14:49]} {[%emt
00:00:32]} Bb5 {[%clk 00:01:09]} {[%emt 00:00:10]} 76. Kd2 {[%clk 00:14:57]}
{[%emt 00:00:10]} Rb7 {[%clk 00:00:52]} {[%emt 00:00:48]} 77. Kc2 {[%clk
00:14:57]} {[%emt 00:00:31]} Bd7 {[%clk 00:01:01]} {[%emt 00:00:19]} 78. Bg2
{[%clk 00:15:00]} {[%emt 00:00:32]} Bg4 {[%clk 00:00:35]} {[%emt 00:00:53]} 79.
Rc3 {[%clk 00:14:19]} {[%emt 00:01:04]} Rf7 {[%clk 00:00:55]} {[%emt 00:00:20]}
80. Kb1 {[%clk 00:14:05]} {[%emt 00:00:49]} Rf6 {[%clk 00:00:46]} {[%emt
00:00:30]} 81. Bh1 {[%clk 00:13:49]} {[%emt 00:00:44]} Be2 {[%clk 00:00:43]}
{[%emt 00:00:33]} 82. Rc1 {[%clk 00:13:35]} {[%emt 00:00:44]} Rf2 {[%clk
00:00:36]} {[%emt 00:00:38]} 83. Ka1 {[%clk 00:13:24]} {[%emt 00:00:40]} Bg4
{[%clk 00:00:44]} {[%emt 00:00:23]} 84. Kb1 {[%clk 00:13:32]} {[%emt 00:00:22]}
Rd2 {[%clk 00:00:34]} {[%emt 00:00:41]} 85. Rc2 {[%clk 00:13:35]} {[%emt
00:00:32]} Rd3 {[%clk 00:00:38]} {[%emt 00:00:20]} 86. Rc1 {[%clk 00:13:37]}
{[%emt 00:00:27]} Rxg3 {[%clk 00:00:44]} {[%emt 00:00:49]} 87. Kc2 {[%clk
00:13:32]} {[%emt 00:00:09]} a3 {[%clk 00:00:39]} {[%emt 00:00:40]} 88. bxa3
{[%clk 00:13:40]} {[%emt 00:00:22]} Rxa3 {[%clk 00:01:01]} {[%emt 00:00:08]} 89.
Kb2 {[%clk 00:13:53]} {[%emt 00:00:20]} Rb3+ {[%clk 00:00:35]} {[%emt
00:00:50]} 90. Kc2 {[%clk 00:14:03]} {[%emt 00:00:18]} Rh3 {[%clk 00:00:46]}
{[%emt 00:00:37]} 91. d6 {[%clk 00:13:30]} {[%emt 00:00:50]} Rc3+ {[%clk
00:00:40]} {[%emt 00:00:34]} 92. Kd2 {[%clk 00:13:41]} {[%emt 00:00:31]} Rxc1
{[%clk 00:00:53]} {[%emt 00:00:09]} 93. Kxc1 {[%clk 00:14:01]} {[%emt
00:00:18]} Kc5 {[%clk 00:01:12]} 94. Kc2 {[%clk 00:14:01]} {[%emt 00:00:28]}
Kxd6 {[%clk 00:01:19]} {[%emt 00:00:43]} 95. Kc3 {[%clk 00:14:21]} Be2 {[%clk
00:01:20]} {[%emt 00:00:21]} 96. Bg2 {[%clk 00:14:02]} {[%emt 00:00:47]} Ke6
{[%clk 00:01:38]} {[%emt 00:00:17]} 97. Kd2 {[%clk 00:13:41]} {[%emt 00:00:46]}
Bd3 {[%clk 00:01:39]} {[%emt 00:00:29]} 98. Ke3 {[%clk 00:13:44]} {[%emt
00:00:37]} Kf6 {[%clk 00:02:01]} {[%emt 00:00:08]} 99. Bf3 {[%clk 00:13:42]}
{[%emt 00:00:19]} g5 {[%clk 00:02:10]} {[%emt 00:00:24]} 100. Bxh5 {[%clk
00:13:50]} {[%emt 00:00:21]} gxh4 {[%clk 00:02:32]} {[%emt 00:00:38]} 101. Bg4
{[%clk 00:13:49]} {[%emt 00:00:04]} Bf1 {[%clk 00:01:48]} {[%emt 00:01:12]} 102.
Kf2 {[%clk 00:13:44]} {[%emt 00:00:39]} c3 {[%clk 00:01:26]} {[%emt 00:00:48]}
103. Bd1 {[%clk 00:13:37]} {[%emt 00:00:41]} Bd3 {[%clk 00:01:40]} {[%emt
00:00:12]} 104. Ke3 {[%clk 00:13:55]} {[%emt 00:00:14]} c2 {[%clk 00:01:44]}
{[%emt 00:00:25]} 105. Bxc2 {[%clk 00:13:56]} {[%emt 00:00:40]} Bxc2 {[%clk
00:02:08]} {[%emt 00:00:17]} 0-1

[Event "Terme Krka OPEN 2018"]
[Site "Otočec, Slovenia"]
[Date "2018.12.26"]
[Round "4.5"]
[White "Olenik Campa, Rudi"]
[Black "Stubljar, Andrej"]
[Result "1/2-1/2"]
[WhiteElo "1825"]
[BlackElo "2036"]

1. e4 {[%clk 01:30:58]} {[%emt 00:00:27]} Nf6 {[%clk 01:29:37]} {[%emt
00:00:55]} 2. e5 {[%clk 01:31:15]} {[%emt 00:00:28]} Nd5 {[%clk 01:29:46]}
{[%emt 00:00:09]} 3. d4 {[%clk 01:31:33]} {[%emt 00:00:20]} d6 {[%clk
01:29:52]} {[%emt 00:00:12]} 4. Nf3 {[%clk 01:31:50]} {[%emt 00:00:49]} Bg4
{[%clk 01:29:13]} {[%emt 00:00:32]} 5. Be2 {[%clk 01:31:17]} {[%emt 00:01:02]}
c6 {[%clk 01:29:22]} {[%emt 00:00:22]} 6. O-O {[%clk 01:29:12]} {[%emt
00:02:58]} Bxf3 {[%clk 01:29:34]} 7. Bxf3 {[%clk 01:29:32]} {[%emt 00:00:10]}
dxe5 {[%clk 01:29:49]} {[%emt 00:00:12]} 8. dxe5 {[%clk 01:29:32]} {[%emt
00:00:28]} e6 {[%clk 01:30:09]} {[%emt 00:00:38]} 9. c4 {[%clk 01:28:59]}
{[%emt 00:00:38]} Ne7 {[%clk 01:30:24]} {[%emt 00:00:25]} 10. Qxd8+ {[%clk
01:28:56]} {[%emt 00:00:21]} Kxd8 {[%clk 01:30:43]} {[%emt 00:00:08]} 11. Bf4
{[%clk 01:20:23]} {[%emt 00:09:04]} Ng6 {[%clk 01:29:43]} {[%emt 00:01:30]} 12.
Bg3 {[%clk 01:20:48]} {[%emt 00:00:31]} Nd7 {[%clk 01:30:00]} {[%emt 00:00:05]}
13. Re1 {[%clk 01:20:47]} {[%emt 00:00:16]} Bc5 {[%clk 01:26:40]} {[%emt
00:03:47]} 14. Nc3 {[%clk 01:17:52]} {[%emt 00:03:25]} Bd4 {[%clk 01:11:37]}
{[%emt 00:15:35]} 15. Rad1 {[%clk 01:16:11]} {[%emt 00:02:11]} Bxc3 {[%clk
01:11:46]} {[%emt 00:00:19]} 16. bxc3 {[%clk 01:16:35]} {[%emt 00:00:12]} Kc7
{[%clk 01:12:07]} {[%emt 00:00:06]} 17. Rd4 {[%clk 01:01:48]} {[%emt 00:15:17]}
Rad8 {[%clk 01:06:22]} {[%emt 00:06:14]} 18. Be4 {[%clk 00:14:11]} {[%emt
00:48:08]} c5 {[%clk 01:01:05]} {[%emt 00:05:48]} 19. Rdd1 {[%clk 00:14:08]}
{[%emt 00:00:29]} Nb6 {[%clk 01:00:58]} {[%emt 00:00:39]} 20. Rb1 {[%clk
00:14:27]} {[%emt 00:00:15]} Rb8 {[%clk 00:58:30]} {[%emt 00:02:58]} 21. Rb5
{[%clk 00:09:47]} {[%emt 00:05:06]} Nd7 {[%clk 00:58:40]} {[%emt 00:00:19]} 22.
f4 {[%clk 00:09:39]} {[%emt 00:00:37]} b6 {[%clk 00:54:42]} {[%emt 00:04:29]}
23. Rb2 {[%clk 00:09:58]} {[%emt 00:00:09]} Ne7 {[%clk 00:43:02]} {[%emt
00:12:10]} 24. Rd2 {[%clk 00:09:23]} {[%emt 00:01:06]} Rbe8 {[%clk 00:41:50]}
{[%emt 00:01:48]} 25. Red1 {[%clk 00:09:33]} {[%emt 00:00:13]} Nb8 {[%clk
00:41:52]} {[%emt 00:00:42]} 26. Bh4 {[%clk 00:09:38]} {[%emt 00:00:24]} h6
{[%clk 00:34:28]} {[%emt 00:07:41]} 27. Rd3 {[%clk 00:08:58]} {[%emt 00:01:12]}
Rhg8 {[%clk 00:29:13]} {[%emt 00:05:43]} 28. Rg3 {[%clk 00:09:23]} {[%emt
00:00:06]} g6 {[%clk 00:28:08]} {[%emt 00:01:33]} 29. Bf6 {[%clk 00:09:28]}
{[%emt 00:00:30]} Nec6 {[%clk 00:23:59]} {[%emt 00:04:34]} 30. Bxc6 {[%clk
00:08:38]} {[%emt 00:01:19]} Kxc6 {[%clk 00:22:59]} {[%emt 00:01:30]} 31. Rgd3
{[%clk 00:09:03]} {[%emt 00:00:29]} Rc8 {[%clk 00:20:58]} {[%emt 00:02:07]} 32.
a4 {[%clk 00:09:00]} {[%emt 00:00:39]} Rc7 {[%clk 00:20:00]} {[%emt 00:01:29]}
33. Bd8 {[%clk 00:08:40]} {[%emt 00:00:50]} Rc8 {[%clk 00:18:07]} {[%emt
00:02:18]} 34. Bf6 {[%clk 00:07:13]} {[%emt 00:01:59]} Kc7 {[%clk 00:16:59]}
{[%emt 00:01:34]} 35. Rd6 {[%clk 00:06:58]} {[%emt 00:00:45]} Kb7 {[%clk
00:17:12]} {[%emt 00:00:18]} 36. g4 {[%clk 00:06:50]} {[%emt 00:00:38]} Nc6
{[%clk 00:16:24]} {[%emt 00:01:18]} 37. Re1 {[%clk 00:06:15]} {[%emt 00:01:13]}
Rc7 {[%clk 00:15:35]} {[%emt 00:01:12]} 38. Kf2 {[%clk 00:06:28]} {[%emt
00:00:15]} Kc8 {[%clk 00:15:08]} {[%emt 00:00:57]} 39. Red1 {[%clk 00:06:01]}
{[%emt 00:01:17]} Kb7 {[%clk 00:11:59]} {[%emt 00:03:19]} 40. Ke3 {[%clk
00:04:09]} {[%emt 00:02:21]} Rgc8 {[%clk 00:10:42]} {[%emt 00:01:48]} 41. Bd8
{[%clk 00:04:11]} {[%emt 00:00:28]} Nxd8 {[%clk 00:10:28]} {[%emt 00:01:49]} 42.
Rxd8 {[%clk 00:04:37]} Rxd8 {[%clk 00:09:55]} 43. Rxd8 {[%clk 00:05:00]} {[%emt
00:00:14]} Ka6 {[%clk 00:09:55]} {[%emt 00:00:27]} 44. Rd1 {[%clk 00:04:09]}
{[%emt 00:02:13]} Ka5 {[%clk 00:09:38]} {[%emt 00:00:02]} 45. Ra1 {[%clk
00:04:34]} Rd7 {[%clk 00:09:52]} {[%emt 00:00:20]} 46. h4 {[%clk 00:04:50]}
{[%emt 00:00:05]} Rd8 {[%clk 00:09:46]} {[%emt 00:00:38]} 47. Ke2 {[%clk
00:05:03]} {[%emt 00:00:24]} Rd7 {[%clk 00:08:59]} {[%emt 00:01:14]} 48. Ke3
{[%clk 00:05:29]} {[%emt 00:00:03]} Rd8 {[%clk 00:07:37]} {[%emt 00:01:47]} 49.
Ke2 {[%emt 00:01:23]} 1/2-1/2